| 000 | 00395nam a2200145Ia 4500 | ||
|---|---|---|---|
| 008 | 230917s9999||||xx |||||||||||||| ||und|| | ||
| 040 |
_e134600 _aMAIN |
||
| 041 | _aEnglish | ||
| 082 | _a394.12 T22T | ||
| 100 | _aJolliffe, Lee | ||
| 245 | 0 | _aTea and tourism: Tourists, traditions and transformations | |
| 260 |
_aClevedon _bChannel View Publications _c2007 |
||
| 300 | _a26. p. | ||
| 942 | _cBK | ||
| 999 |
_c152870 _d152870 |
||